000 00695nam a22002055i 4500
001 162235
003 ES-MaACL
005 20230906212447.0
008 960201s1893 sp |||| | spa d
040 _aGA
_bspa
_cCCPB | SIC
100 1 _aPlacer Bouzo, Camilo.
_9131205
245 1 0 _aJuvenilia /
_cCamilo Placer ; (con un prólogo de Manuel Murguía).
260 _aLa Coruña :
_bAndrés Martínez,
_c1893 (
_fTipografía de la Casa de Misericordia)
300 _aXXIV, 184 p. ;
_c20 cm.
490 1 _aBiblioteca gallega ;
_v33
700 1 _aMurguía, Manuel.
_984577
830 0 _aBiblioteca gallega ;
_v33
_9180864
852 _aES-MaACL
_jG-9214
_z-- Enc. pasta
999 _c162235
_d162235